| 000 | 00766nam a22002297a 4500 | ||
|---|---|---|---|
| 003 | AR-RoIUNI | ||
| 005 | 20190314093029.0 | ||
| 008 | 190314b xxu||||| |||| 00| 0 spa d | ||
| 040 |
_bSpa _cIUNIR |
||
| 080 | _a373.211.24 | ||
| 100 | 1 | _aMaggioni, Patricia Olga | |
| 245 | 1 | 3 |
_aLa importancia del rol de la docente de nivel inicial como base segura : _buna experiencia práctica-teórica en un jardín de infantes / _cPatricia Olga Maggioni ; [directora] Sabrina D´Angelo. |
| 260 |
_aRosario : _bLa Autora, _c2018 |
||
| 300 |
_a40 p. ; _c30 cm. |
||
| 500 | _3Trabajo Integrador Final Obligatorio (TIFO) | ||
| 650 | 4 | _2DOCENTES | |
| 650 | 4 | _2JARDIN DE INFANTES | |
| 650 | 4 | _2PSICOLOGIA | |
| 653 | 0 | _aTIFO | |
| 700 | 1 | _aD´Angelo, Sabrina | |
| 942 |
_2cdu _cBK |
||
| 999 |
_c4355 _d4355 |
||